| 000 | 00679nam a2200241 i 4500 | ||
|---|---|---|---|
| 001 | 92724 | ||
| 003 | ES-MaACL | ||
| 005 | 20250819044026.0 | ||
| 007 | t| | ||
| 008 | 050420s2001 sp ||||1| spa d | ||
| 020 | _a84-309-0711-4 | ||
| 080 | _a167/168 | ||
| 100 | 1 |
_aPopper, Karl Raimund. _993108 |
|
| 245 | 1 | 3 |
_aLa lógica de la investigación científica / _cKarl R. Popper. |
| 250 | _a1ª ed., 12ª reimp. | ||
| 260 |
_aMadrid : _bTecnos, _c2001. |
||
| 300 |
_a451 p. ; _c24 cm. |
||
| 490 | 1 | _aEstructura y función | |
| 650 | 4 |
_aCiencia- _xMetodología _910958 |
|
| 830 | 1 |
_aEstructura y función _9181428 |
|
| 852 | 4 |
_aES-MaACL _jE-11023 |
|
| 999 |
_c92724 _d92724 |
||